000 00726pam a2200229 a 4500
020 _a0471822175 :
040 _cDLC
082 0 0 _a631 WIL 1985 C141 Or.
100 1 _aBohn, Hinrich L.,
245 1 0 _aSoil chemistry /
250 _a2nd ed.
260 _aNew York :
_bWiley,
_cc1985.
300 _axiv, 341 p. :
_bill. ;
_c24 cm.
500 _a"A Wiley-Interscience publication."
650 0 _aSoil chemistry.
700 1 _aMcNeal, Brian Lester,
700 1 _aO'Connor, George A.,
856 4 _uhttp://www.loc.gov/catdir/toc/onix05/85003221.html
856 4 2 _uhttp://www.loc.gov/catdir/enhancements/fy0607/85003221-b.html
856 4 2 _uhttp://www.loc.gov/catdir/enhancements/fy0607/85003221-d.html
942 _cAEDBB
999 _c18282
_d18282